logo

Bir Sreshtho Munshi Abdur Rouf Library
Jhenaidah Cadet College

electronics volume-seven / (Record no. 5671)

MARC details
000 -LEADER
fixed length control field 00551nam a2200217 a 4500
001 - CONTROL NUMBER
JCCL Control Number 5671
003 - CONTROL NUMBER IDENTIFIER
JCCL marc code BD-JhCC
005 - DATE AND TIME OF LATEST TRANSACTION
control field 20171219180150.0
008 - FIXED-LENGTH DATA ELEMENTS--GENERAL INFORMATION
fixed length control field 171219b xxu||||| |||| 00| 0 eng d
035 ## - SYSTEM CONTROL NUMBER
system control number (BD-JhCC) 5671
040 ## - CATALOGING SOURCE
Original cataloging agency BD-JhCC
Modifying agency BD-JhCC
041 ## - LANGUAGE CODE
Language code of Book eng
082 ## - DEWEY DECIMAL CLASSIFICATION NUMBER
Classification number 537
Author mark and Year MIL1976
100 ## - MAIN ENTRY--PERSONAL NAME
Personal name MILEAF, HARRY
245 ## - TITLE STATEMENT
Title electronics volume-seven /
Statement of responsibility, etc HARRY MILEAF
260 ## - PUBLICATION, DISTRIBUTION, ETC. (IMPRINT)
Place of publication, distribution, etc INDIA :
Name of publisher, distributor, etc D.B.TARAPOREVALA SONS &CO .PVT.LTD ,
Date of publication, distribution, etc 1976
300 ## - PHYSICAL DESCRIPTION
Pagination 131 p .:
Dimensions 22 cm .
650 ## - SUBJECT ADDED ENTRY--TOPICAL TERM
Topical term or geographic name as entry element Electronics
942 ## - ADDED ENTRY ELEMENTS (KOHA)
Source of classification or shelving scheme Dewey Decimal Classification
Koha item type Books
Holdings
Source of classification or shelving scheme Damaged status Not for loan Home library Current library Shelving location Date of accession Cost, normal purchase price Total Checkouts Full call number Barcode Date last seen Copy number Koha item type
Dewey Decimal Classification     JCC Rouf Library JCC Rouf Library General Stacks 12/19/2017 9.95   537 MIL1976 7804 12/19/2017 C - 1 Books

JCC Library | Contacts | JCC Home

Last Update on 23 September 2017
Copyright @ 2017-2020 JCC Rouf Library
Rouf Library, Jhenidah Cadet College (JCC), Bangladesh